000 00578nam a2200121Ia 4500
008 220615s9999||||xx |||||||||||||| ||und||
100 _aBaldissone, Riccardo
245 0 _aFarewell to Freedom
_bA Western Genealogy of Liberty
546 _aEnglish[eng]
650 _aindividual||theology||mastery||liberty||autonomy||freedom||Aristotle||Plato
856 _uhttps://library.oapen.org/bitstream/20.500.12657/37300/4/1007757.pdf||https://library.oapen.org/bitstream/20.500.12657/37300/4/1007757.pdf||https://library.oapen.org/bitstream/20.500.12657/37300/4/1007757.pdf
942 _cEB
999 _c10771
_d10771